[Event "Indonesia Open"]
[Site "Jakarta INA"]
[Date "2011.10.16"]
[Round "4.27"]
[White "Marentek,H"]
[Black "Tirto"]
[Result "1-0"]
[WhiteElo "2227"]
[BlackElo "2322"]

1.d4 d5 2.Nf3 Nf6 3.c4 c6 4.Nc3 a6 5.e3 b5 6.b3 Bg4 7.cxd5 cxd5 8.Be2 e6
9.O-O Be7 10.Bb2 O-O 11.h3 Bh5 12.Ne5 Bxe2 13.Nxe2 Nfd7 14.Qd2 Nxe5 15.dxe5 Nc6
16.Rac1 Qb6 17.Bd4 Qb7 18.Nf4 Nxd4 19.Qxd4 Ba3 20.Rcd1 Rfc8 21.Nh5 Rc2 22.Qg4 Bf8
23.e4 dxe4 24.Rd7 Qc6 25.Nf6+ Kh8 26.Qh4 gxf6 27.Rxf7 Bg7 28.exf6  1-0

[Event "Schachbundesliga 2011-12"]
[Site "Muelheim GER"]
[Date "2011.10.16"]
[Round "3"]
[White "Edouard,R"]
[Black "Schneider,Il"]
[Result "1/2-1/2"]
[WhiteElo "2608"]
[BlackElo "2472"]

1.d4 d5 2.c4 c6 3.Nf3 Nf6 4.Nc3 a6 5.e3 b5 6.b3 Bg4 7.Bd2 e6 8.h3 Bxf3 9.Qxf3 Bb4
10.Bd3 Qa5 11.Rc1 Bxc3 12.Rxc3 Qxa2 13.Qd1 Nbd7 14.O-O O-O 15.Rc1 bxc4 16.bxc4 Qa3
17.Qc2 Rfb8 18.Ra1 Qb3 19.Rfc1 dxc4 20.Qxc4 Qxc4 21.Rxc4 c5 22.Bc3 Rc8 23.Ra5 cxd4
24.Bxd4 Rxc4 25.Bxc4 Rc8 26.Bxa6 Ra8 27.Ra1 Ne4 28.Bb5 Rxa1+ 29.Bxa1 Ndc5
30.Bd4 Nb3 31.Bb2 Nd6 32.Be2 Na5 33.Ba3 Ndc4 34.Bb4 Nc6 35.Bc5 N6a5 36.Bd4 Nd6
37.Bc3 Nc6 38.Bf3 Na7 39.Bb4 Nc4 40.Bc5 Nc8 41.Bc6 Na5 42.Bb5 Nb7 43.Bb4 Nd8
44.Ba5 Nb7 45.Bb4 Nd8 46.f4 Na7 47.Ba4 Nac6 48.Bd6 f5 49.Kf2 Kf7 50.g4 g6
51.Bc7 Ke7 52.Kg3 Nb4 53.Bb6 Nd5 54.Bd4 Nf7 55.Kf3 g5 56.Bb3 fxg4+ 57.hxg4 Nf6
58.f5 h5 59.Bc5+ Nd6 60.gxh5 g4+ 61.Kg2 Nxh5 62.Bxe6 Ng7 63.Bc8 Ne8 64.Bb4 Kf6
65.Bd7 Nxf5 66.Bxe8 Nxe3+ 67.Kg3 Kf5 68.Bb5 Ke4 69.Bc5 Nf5+ 70.Kxg4 Nd4 71.Bf1 Kd5
72.Bf8 Ke5 73.Bg2 Ne6 74.Ba3 Nc7 75.Bb2+ Ke6 76.Kg5 Nd5 77.Bh3+ Kd6 78.Kf5 Ne3+
79.Ke4 Nc4 80.Bg7 Nd2+ 81.Kd3 Nf3 82.Ke3 Ng5 83.Bg2 Ne6 84.Bb2 Nd8 85.Ke4 Nb7
86.Ba3+ Kc6 87.Kd4+ Kb6 88.Kd5 Kc7 89.Bc1 Kb6 90.Bf1 Kc7 91.Be3 Nd8 92.Bg2 Nb7
93.Ke6 Nd8+ 94.Ke7 Nb7 95.Bf2 Na5 96.Bg3+ Kb6 97.Kd7 Nc4 98.Bf2+ Kb5 99.Ke6 Kb4
100.Be1+ Kc5 101.Bf2+ Kb4 102.Bc6 Kc3 103.Be1+ Kd4 104.Bh4 Kc5 105.Bf3 Kd4
106.Bf2+ Kc3 107.Kd5 Nb2 108.Be1+ Kc2 109.Kd4 Kb3 110.Be4 Na4 111.Ba5  1/2-1/2

[Event "1st Central Asia Cup"]
[Site "Tashkent UZB"]
[Date "2011.10.20"]
[Round "3.6"]
[White "Khamdamov,S"]
[Black "Akkozov,B"]
[Result "1/2-1/2"]
[WhiteElo "2288"]
[BlackElo "2368"]

1.Nf3 Nf6 2.c4 c6 3.Nc3 d5 4.d4 a6 5.cxd5 cxd5 6.Bf4 Nc6 7.Rc1 Bf5 8.e3 e6
9.Bd3 Bxd3 10.Qxd3 Be7 11.O-O Nh5 12.Be5 O-O 13.Na4 Qa5 14.Nc5 b5 15.Nd7 Rfc8
16.g4 Qd8 17.Nc5 Nf6 18.h3 Bxc5 19.Rxc5 Ne4 20.Rcc1 Nxe5 21.dxe5 Rc7 22.Qa3 Rxc1
23.Rxc1 Rc8 24.b3 h6 25.Kg2 a5 26.Rxc8 Qxc8 27.Qxa5 Qc2 28.Qe1 b4 29.Nd4 Qxa2
30.Qe2 Qxe2 31.Nxe2 Nc5  1/2-1/2

[Event "TCh-SVK Extraliga 2011-12"]
[Site "Slovakia SVK"]
[Date "2011.10.22"]
[Round "1"]
[White "Stohl,I"]
[Black "Tibensky,R"]
[Result "1/2-1/2"]
[WhiteElo "2524"]
[BlackElo "2410"]

1.d4 d5 2.c4 c6 3.Nf3 Nf6 4.Nc3 a6 5.e3 b5 6.b3 Bg4 7.h3 Bxf3 8.Qxf3 e5 9.dxe5 Bb4
10.Bd2 Bxc3 11.Bxc3 Ne4 12.Bb4 bxc4 13.Qg4 c5 14.f3 Nc6 15.fxe4 Nxb4 16.exd5 Qxd5
17.Rd1 Nc2+ 18.Kf2 Qxe5 19.Qf3 O-O 20.Bxc4 Na3  1/2-1/2

[Event "World Youth U16 Ol"]
[Site "Kocaeli TUR"]
[Date "2011.10.25"]
[Round "2.16"]
[White "Valizadeh,A"]
[Black "Nikologorskiy,K"]
[Result "1/2-1/2"]
[WhiteElo "2187"]
[BlackElo "2308"]

1.d4 d5 2.c4 c6 3.Nc3 Nf6 4.Nf3 a6 5.e3 b5 6.b3 Bg4 7.Qc2 e6 8.Bd3 Nbd7 9.c5 Qc7
10.Bb2 Bxf3 11.gxf3 e5 12.Ne2 g6 13.a4 b4 14.a5 Bg7 15.Ra4 O-O 16.Rxb4 Qxa5
17.Bc3 exd4 18.exd4 Qc7 19.Ra4 Nh5 20.Bd2 Rfe8 21.Kf1 Nf8 22.h4 Ne6 23.Kg2 Qe7
24.Qc1 Bf6 25.Ng3 Nxg3 26.fxg3 Nxd4 27.Re1 Qd7 28.Rxe8+ Rxe8 29.Qd1 Nf5 30.Qc1 Be5
31.Bf4 Bxf4 32.Qxf4 Ng7 33.Rxa6 Qe6 34.Ra7 h5 35.Qd6 Qxd6 36.cxd6 Rd8 37.d7 Ne6
38.b4 Kf8 39.Ra6 Rxd7 40.Rxc6 Rb7  1/2-1/2

[Event "12th Liberec Open"]
[Site "Liberec CZE"]
[Date "2011.10.25"]
[Round "4"]
[White "Kraus,On"]
[Black "Karhanek,P"]
[Result "0-1"]
[WhiteElo "1988"]
[BlackElo "2155"]

1.d4 d5 2.c4 c6 3.Nf3 Nf6 4.Nc3 a6 5.Bg5 dxc4 6.a4 Bf5 7.e3 Ne4 8.Bxc4 Nxg5
9.Nxg5 e6 10.Nf3 Bb4 11.O-O Bg4 12.h3 Bh5 13.Qe2 O-O 14.Rfd1 Nd7 15.e4 Re8
16.Qe3 a5 17.Ne2 Qe7 18.Bb3 f6 19.g4 Bf7 20.Ng3 Rad8 21.Rac1 Bd6 22.Nd2 c5
23.Nc4 cxd4 24.Qxd4 Bxg3 25.fxg3 Nc5 26.Qe3 Nxb3 27.Qxb3 Rxd1+ 28.Rxd1 Qc5+
29.Ne3 Qe5 30.Kf2 Qxe4 31.Qb6 Qxa4 32.Qxb7 Qb4 33.Rd7 Qf8 34.Qc7 a4 35.Qc3 Rb8
36.Qd4 e5 37.Qxa4 Rxb2+ 38.Kf3 Qe8 39.Qa3 e4+  0-1

[Event "1st WCGD"]
[Site "Dresden GER"]
[Date "2011.10.28"]
[Round "5"]
[White "Obodchuk,A"]
[Black "Anfinogenov,A"]
[Result "1-0"]
[WhiteElo "2384"]
[BlackElo "2098"]

1.Nf3 d5 2.d4 Nf6 3.c4 c6 4.Nc3 a6 5.Bg5 Ne4 6.Bf4 Nxc3 7.bxc3 dxc4 8.g3 Nd7
9.Bg2 e6 10.O-O b5 11.Qb1 Bb7 12.Nd2 Nb6 13.e4 Ba3 14.e5 Qe7 15.Ne4 Qc7 16.Qc2 O-O-O
17.Bc1 Be7 18.a4 f5 19.exf6 gxf6 20.Bh3 f5 21.Bf4 Qd7 22.Nc5 Bxc5 23.dxc5 Nd5
24.Be5 Rhf8 25.Bd6 Rf6 26.Rfe1 Rh6 27.Bg2 Nf6 28.Bf4 Rg6 29.Rad1 Nd5 30.Bd6 Nf6
31.Qe2 Ne8 32.Bf4 Qe7 33.axb5 axb5 34.Qe5 Qc7 35.Rxd8+ Kxd8 36.Rd1+ Kc8 37.Qh8 Qf7
38.Bf3 Rg8 39.Qe5 Nc7 40.Rd6 Rd8 41.Bh5 Qxh5 42.Rxd8+ Kxd8 43.Qxc7+ Ke8 44.Qb8+ Kf7
45.Qxb7+ Kf6 46.Qxc6 Qd1+ 47.Kg2 b4 48.cxb4 c3 49.Qd6 Qxd6 50.cxd6 e5 51.Be3 Ke6
52.Kf3  1-0

[Event "TCh-NED Meesterklasse 2011-12"]
[Site "Netherlands NED"]
[Date "2011.10.29"]
[Round "2.7"]
[White "Wantola,I"]
[Black "Driessens,P"]
[Result "1/2-1/2"]
[WhiteElo "2326"]
[BlackElo "2311"]

1.Nf3 d5 2.d4 Nf6 3.c4 c6 4.Nc3 a6 5.a4 e6 6.g3 Bb4 7.Bg2 b6 8.O-O Bb7 9.Ne5 Nbd7
10.f4 O-O 11.e3 c5 12.Na2 a5 13.b3 Ne4 14.Bxe4 dxe4 15.Nxb4 Nxe5 16.fxe5 cxb4
17.Ra2 Qg5 18.Raf2 f6 19.exf6 Rxf6 20.Rxf6 gxf6 21.Rf4 Kf7 22.Rh4 Qf5 23.Qh5+ Qxh5
24.Rxh5 Kg6 25.Rh4 f5 26.Rf4 h5 27.Bb2 Rd8 28.Rf2 Rd7 29.h3 Kg5 30.Kh2 Rh7
31.Rd2 Rd7 32.Kg2 Kg6 33.Kf1 Bc6 34.Ke1 Bb7 35.Rf2 Rf7 36.Rf4 Kg5 37.g4 hxg4
38.hxg4 Kg6 39.gxf5+ Rxf5 40.Rxf5 Kxf5 41.Kf2 Bc6 42.Kg3  1/2-1/2

[Event "US Chess League 2011"]
[Site "ICC INT"]
[Date "2011.10.31"]
[Round "10"]
[White "Kavutskiy,K"]
[Black "Rohonyan,K"]
[Result "1-0"]
[WhiteElo "2268"]
[BlackElo "2309"]

1.d4 d5 2.c4 c6 3.Nf3 Nf6 4.Nc3 a6 5.e3 g6 6.Be2 Bg7 7.O-O O-O 8.h3 b6 9.Qb3 Nbd7
10.cxd5 cxd5 11.Nxd5 Nxd5 12.Qxd5 Ra7 13.Rd1 Bb7 14.Qb3 e6 15.Bd2 Qa8 16.Rac1 b5
17.Bb4 Rd8 18.Ba5 Re8 19.Rc2 Bd5 20.Qa3 h6 21.Rdc1 e5 22.Rc7 Rxc7 23.Rxc7 Be6
24.Qc3 Nf6 25.Qc6 Nd5 26.Qxa8 Rxa8 27.Rc6 Ne7 28.Rc7 Nd5 29.Rc5 exd4 30.Nxd4 Bxd4
31.exd4 Nf4 32.Bf3 Re8 33.d5 Bf5 34.d6 Nd3 35.Rxf5  1-0

[Event "1st Panama Open"]
[Site "Panama City PAN"]
[Date "2011.11.07"]
[Round "9.8"]
[White "Alvarez Marquez,J"]
[Black "Gomez Garrido,C"]
[Result "0-1"]
[WhiteElo "2398"]
[BlackElo "2537"]

1.d4 d5 2.c4 c6 3.Nf3 Nf6 4.Nc3 a6 5.a4 e6 6.g3 c5 7.cxd5 cxd4 8.Nxd4 Nxd5
9.Bg2 Nxc3 10.bxc3 Qc7 11.O-O Be7 12.Qc2 Nd7 13.Rb1 Nc5 14.Ba3 Rb8 15.Bb4 O-O
16.a5 Bd7 17.Qa2 Rfc8 18.Qa3 Bf8 19.Rfc1 g6 20.c4 h5 21.h4 Bh6 22.e3 Bf8
23.Nb3 Nxb3 24.Rxb3 Bxb4 25.Qxb4 Bc6 26.Bxc6 Qxc6 27.Qe7 Rc7 28.Qf6 Rd7 29.Rb6 Qe4
30.c5 Rc8 31.c6 bxc6 32.Kh2 Rd2 33.Rcxc6 Qxc6 34.Rxc6 Rxc6 35.g4 Rc5 36.Kg3 hxg4
37.Kxg4 Rf5 38.Qc3 Rdxf2 39.Qc8+ Kg7 40.Qxa6 Rg2+ 41.Kh3 Ra2 42.Qd6 Raxa5
43.Qd4+ Kh7 44.Kg4 Ra3 45.Kg3 Rfa5 46.Qf4 Kg7 47.Kg4 Rb3 48.Kf3 Rf5  0-1

[Event "1st Panama Open"]
[Site "Panama City PAN"]
[Date "2011.11.07"]
[Round "9.20"]
[White "Valdes,R"]
[Black "Baules,J"]
[Result "1-0"]
[WhiteElo "2125"]
[BlackElo "2380"]

1.d4 d5 2.c4 c6 3.Nf3 Nf6 4.Nc3 a6 5.cxd5 cxd5 6.Bf4 g6 7.e3 Bg7 8.Bd3 Nc6
9.Rc1 Bg4 10.h3 Bxf3 11.Qxf3 O-O 12.O-O Rc8 13.Rfd1 b5 14.Bg3 Na5 15.b3 Qd7
16.Be5 Rfd8 17.Qe2 Nc6 18.Bh2 Qb7 19.Kh1 e6 20.Kg1 Qa8 21.Bg3 Nd7 22.Bh4 Re8
23.Qd2 e5 24.dxe5 d4 25.exd4 Nxd4 26.Be4 Qa7 27.Qxd4 Qxd4 28.Rxd4 Nxe5 29.Rdd1  1-0

[Event "2nd Brno Open"]
[Site "Brno CZE"]
[Date "2011.11.12"]
[Round "1"]
[White "Paseka,C"]
[Black "Chladek,Va"]
[Result "0-1"]
[WhiteElo "1749"]
[BlackElo "2035"]

1.d4 d5 2.Nf3 Nf6 3.c4 c6 4.Nc3 a6 5.e3 Bf5 6.Be2 e6 7.O-O Bd6 8.b3 Nbd7
9.Bb2 h6 10.c5 Bc7 11.b4 O-O 12.Bd3 Bxd3 13.Qxd3 e5 14.dxe5 Nxe5 15.Nxe5 Bxe5
16.Nd1 Re8 17.Bxe5 Rxe5 18.Nc3 Qc7 19.h3 Rae8 20.Rad1 Qd7 21.Rd2 Rg5 22.Kh1 Qe6
23.a3 Rh5 24.Ne2 Rxh3+ 25.Kg1 Rh4 26.g3 Qh3 27.gxh4 Ng4  0-1

[Event "TCh-CZE Liga1 Vychod"]
[Site "Czech Rep CZE"]
[Date "2011.11.13"]
[Round "3"]
[White "Jedlicka,A"]
[Black "Belunek,V"]
[Result "1-0"]
[WhiteElo "2262"]
[BlackElo "2273"]

1.d4 d5 2.c4 c6 3.Nf3 Nf6 4.Nc3 a6 5.c5 Bf5 6.Bf4 Nbd7 7.e3 e6 8.h3 Be7 9.Be2 b6
10.b4 Ne4 11.Nxe4 Bxe4 12.O-O O-O 13.Nd2 Bg6 14.Nb3 bxc5 15.bxc5 a5 16.a4 f6
17.Bd3 Bxd3 18.Qxd3 e5 19.Bg3 e4 20.Qd2 Ra7 21.Rab1 Qa8 22.Rb2 Rc8 23.Rfb1 Bd8
24.Qe2 f5 25.f3 Bc7 26.Bxc7 Rcxc7 27.fxe4 fxe4 28.Qg4 Qe8 29.Nc1 Qg6 30.Qf4 Qf6
31.Qd6 Qg5 32.Qe6+  1-0

[Event "2nd Brno Open"]
[Site "Brno CZE"]
[Date "2011.11.14"]
[Round "3"]
[White "Pokorny,P"]
[Black "Chladek,Va"]
[Result "1/2-1/2"]
[WhiteElo "2233"]
[BlackElo "2035"]

1.d4 d5 2.c4 c6 3.Nf3 Nf6 4.Nc3 a6 5.c5 Bf5 6.Qb3 Ra7 7.Bf4 Nbd7 8.h3 e6
9.Nh4 Be4 10.Nf3 Be7 11.Nxe4 Nxe4 12.Nd2 Qa5 13.Qa3 Bd8 14.Qxa5 Bxa5 15.f3 Bxd2+
16.Bxd2 Ng3 17.Rg1 Ra8 18.Kf2 Nxf1 19.Rgxf1 f5 20.g4 O-O 21.Kg3 Rae8 22.Rae1 Rf7
23.e3 e5 24.Bc3 e4 25.f4 g6 26.Ba5 Nf8 27.Rh1 Ne6 28.Kf2 Ree7 29.g5 Rd7 30.h4 Ng7
31.a4 Ne6 32.Ra1 Rf8 33.b4 Re7 34.Bb6 Ree8 35.h5 Ra8 36.Rh2 Kg7 37.Rb1 Rh8
38.Ke2 Rac8 39.Kd2 Rb8 40.Kc3 Rbc8 41.b5 axb5 42.axb5 Ra8 43.Kb4 h6 44.gxh6+ Rxh6  1/2-1/2

[Event "2nd Brno Open"]
[Site "Brno CZE"]
[Date "2011.11.15"]
[Round "4"]
[White "Kosina,V"]
[Black "Vermirovsky,V"]
[Result "0-1"]
[WhiteElo "1811"]
[BlackElo "1991"]

1.d4 d5 2.c4 c6 3.Nf3 Nf6 4.Nc3 a6 5.g3 dxc4 6.a4 Nd5 7.Bg2 g6 8.O-O Bg7
9.h3 O-O 10.Re1 Nd7 11.e4 Nb4 12.Bf1 c5 13.Be3 cxd4 14.Bxd4 Bxd4 15.Nxd4 Ne5
16.Kg2 Ned3 17.Nf3 Bxh3+ 18.Kg1 Nxe1 19.Nxe1 Qxd1 20.Nxd1 Bxf1 21.Kxf1 Rfd8
22.Nf3 Rab8 23.Ke2 h6 24.Rc1 b5 25.axb5 axb5 26.Nc3 Nd3 27.Rc2 Rb7 28.Nd5 e6
29.Nc3 f6 30.Rd2 Nc1+ 31.Kd1 Rxd2+ 32.Kxd2 Nd3 33.Nd1 Rd7 34.Ke3 Nc1 35.Nc3 Rd3+
36.Kf4 e5+ 37.Nxe5 fxe5+ 38.Kxe5 b4 39.Na4 Nb3 40.f4 c3 41.bxc3 bxc3  0-1

[Event "2nd Brno Open"]
[Site "Brno CZE"]
[Date "2011.11.16"]
[Round "6"]
[White "Bernadskiy,V"]
[Black "Vermirovsky,V"]
[Result "1-0"]
[WhiteElo "2439"]
[BlackElo "1991"]

1.d4 d5 2.c4 c6 3.Nf3 Nf6 4.Nc3 a6 5.e3 b5 6.b3 Bg4 7.Bd2 e6 8.h3 Bh5 9.g4 Bg6
10.Ne5 Bb4 11.h4 Bxc3 12.Bxc3 Ne4 13.Bb4 a5 14.Bd2 Nxd2 15.Qxd2 Be4 16.f3 f6
17.fxe4 fxe5 18.cxd5 exd5 19.exd5 Qxd5 20.Bg2 Qd6 21.O-O Nd7 22.Rac1 Ra6
23.Qc3 Rf8 24.Rxf8+ Kxf8 25.Bxc6 exd4 26.exd4 b4 27.Qf3+ Nf6 28.d5 Kg8 29.g5 Nh5
30.Re1 g6 31.Re6 Qc5+ 32.Qe3 Qxe3+ 33.Rxe3 Kf8 34.Kf2 Ng7 35.Re4 Nf5 36.Bd7 Ng7
37.Rc4 Ke7 38.Rc7 Kd6 39.Rb7 Nh5 40.Bc6 Nf4 41.Rd7+ Ke5 42.Kf3 Nd3 43.Bb5 Nc5
44.Rc7  1-0

[Event "WYCC U14 Girls"]
[Site "Caldas Novas BRA"]
[Date "2011.11.18"]
[Round "1"]
[White "Egorova,Ayyyna"]
[Black "Kyrkjebo,Hanna B."]
[Result "1-0"]
[WhiteElo "1855"]
[BlackElo "1551"]

1.d4 d5 2.c4 c6 3.Nc3 Nf6 4.Nf3 a6 5.c5 Nbd7 6.h3 g6 7.Bf4 Bg7 8.e3 O-O 9.Bd3 Re8
10.b4 b6 11.a4 Bb7 12.O-O a5 13.b5 bxc5 14.bxc6 Bxc6 15.dxc5 Nxc5 16.Ne5 Bb7
17.Bb5 Rf8 18.Nc6 Bxc6 19.Bxc6 Rc8 20.Bb5 Nfe4 21.Nxe4 Bxa1 22.Nxc5 Rxc5
23.Qxa1 f6 24.Bh6 Rf7 25.Qd4 Rc8 26.e4 dxe4 27.Qxd8+ Rxd8 28.Bc4 g5 29.Rb1 Re8
30.Rb7 f5 31.Be6 f4 32.Kf1 f3 33.gxf3 exf3 34.Kg1 Rd8 35.Rxe7 g4 36.Rxf7 Kh8
37.Bg7+ Kg8 38.Rd7+  1-0

[Event "3rd Pilsen Open"]
[Site "Plzen CZE"]
[Date "2011.11.23"]
[Round "6"]
[White "Arab,A"]
[Black "Piankov,E"]
[Result "1-0"]
[WhiteElo "2403"]
[BlackElo "2356"]

1.d4 d5 2.c4 c6 3.Nf3 Nf6 4.Nc3 a6 5.a4 e6 6.Bg5 Be7 7.e3 a5 8.Bd3 Na6 9.Rc1 Nb4
10.Bb1 b6 11.cxd5 exd5 12.O-O Bg4 13.Na2 Nxa2 14.Bxa2 Rc8 15.h3 Bxf3 16.Qxf3 Ne4
17.Bxe7 Qxe7 18.Bxd5 Nd2 19.Bxc6+ Kf8 20.Qg4  1-0

[Event "Egyptian Open 2011"]
[Site "Cairo EGY"]
[Date "2011.11.24"]
[Round "6"]
[White "Abou el Zein,E"]
[Black "Abo Ela,Sayed"]
[Result "1-0"]
[WhiteElo "2329"]
[BlackElo "2064"]

1.d4 d5 2.c4 c6 3.Nf3 Nf6 4.Nc3 a6 5.cxd5 cxd5 6.Bf4 Nc6 7.e3 g6 8.h3 Bg7
9.Bd3 O-O 10.O-O b5 11.Rc1 Bb7 12.Qe2 Rc8 13.a4 b4 14.Nb1 Qb6 15.Nbd2 Nd7
16.Nb3 e5 17.dxe5 Ndxe5 18.Nxe5 Nxe5 19.a5 Qa7 20.Nd4 Rc5 21.Nb3 Rcc8 22.Nd4 Rc5
23.Rxc5 Nxd3 24.Rc7 Nxf4 25.exf4 Bxd4 26.Qe7 Bxb2 27.Rxb7 Qa8 28.Rd1 d4 29.Qxb4 Bc3
30.Qe7 Qc8 31.Rdb1 Qf5 32.Rb8 Rc8 33.R1b7 Rxb8 34.Rxb8+ Kg7 35.Qf8+ Kf6 36.Qd8+ Kg7
37.Qf8+ Kf6 38.Rb6+  1-0

[Event "TCh-SVK Extraliga 2011-12"]
[Site "Slovakia SVK"]
[Date "2011.11.27"]
[Round "4"]
[White "Schwarz,Du"]
[Black "Betko,L"]
[Result "0-1"]
[WhiteElo "2286"]
[BlackElo "2208"]

1.d4 c6 2.c4 Nf6 3.Nc3 d5 4.Nf3 a6 5.e3 b5 6.c5 Nbd7 7.a3 g6 8.Bd3 Bg7 9.O-O O-O
10.b4 Ne8 11.e4 dxe4 12.Bxe4 Bb7 13.Bg5 Ndf6 14.Bc2 Nc7 15.Bb3 h6 16.Bh4 Nfd5
17.Nxd5 Nxd5 18.Re1 Re8 19.Ne5 g5 20.Bg3 e6 21.Qh5 Qf6 22.Ng4 Qxd4 23.Be5 Bxe5
24.Nxe5 Qf4 25.g3 Qf6 26.Ng4 Qg7 27.Nxh6+ Kf8 28.Bxd5 cxd5 29.Ng4 f6 30.h4 gxh4
31.Qxh4 Kf7 32.Qh5+ Qg6 33.Qxg6+ Kxg6 34.f4 d4 35.Nh2 e5 36.a4 e4 37.axb5 axb5
38.Rxa8 Rxa8 39.Nf1 Ra2 40.g4 Rb2 41.Ng3 e3 42.Nf5 Rg2+ 43.Kf1 Rf2+ 44.Kg1 Rxf4
45.Ne7+ Kf7 46.c6 Rxg4+ 47.Kf1 Rf4+ 48.Ke2 Rf2+ 49.Kd1 Ba6 50.Nd5 Ra2 51.Re2 Ra1+
52.Kc2 Ke6 53.Nc7+ Ke5 54.Kb2 Ra4 55.Kb3 Kd6 56.Ne8+ Kxc6 57.Nxf6 Bc8 58.Rc2+ Kb7
59.Nd5 Be6 60.Rc5 e2 61.Rxb5+ Kc6 62.Rc5+ Kd6 63.Kxa4 Bxd5 64.Rc1 d3  0-1

[Event "80th Anniversary Mollet GM"]
[Site "Mollet del Valles ESP"]
[Date "2011.12.02"]
[Round "1"]
[White "Moskalenko,V1"]
[Black "Cruz,F"]
[Result "1/2-1/2"]
[WhiteElo "2545"]
[BlackElo "2442"]

1.d4 d5 2.c4 c6 3.Nf3 Nf6 4.Nc3 a6 5.e3 b5 6.c5 Bg4 7.h3 Bxf3 8.gxf3 Nbd7
9.f4 e6 10.Bd3 g6 11.Bd2 Be7 12.b4 Nh5 13.a4 Ndf6 14.Qc2 Ng7 15.Ke2 O-O 16.Ra3 Nf5
17.Rha1 Rc8 18.axb5 axb5 19.Ra7 Nh5 20.Kf1 Bf6 21.Ne2 Bg7 22.Ng1 Nh4 23.Be2 Nf6
24.Be1 Bh6 25.Nf3 Nxf3 26.Bxf3 Ne8 27.Be2  1/2-1/2

[Event "TCh-CZE Extraliga 2011-12"]
[Site "Czech Republic CZE"]
[Date "2011.12.03"]
[Round "3.6"]
[White "Bures,J"]
[Black "Velicka,P"]
[Result "1/2-1/2"]
[WhiteElo "2415"]
[BlackElo "2462"]

1.d4 d5 2.c4 c6 3.Nf3 Nf6 4.Nc3 a6 5.c5 Nbd7 6.Bf4 Nh5 7.Bd2 Nhf6 8.Bf4 Nh5
9.Bd2 Nhf6 10.Rc1 g6 11.h3 Bg7 12.Bf4 O-O 13.e3 b6 14.cxb6 Qxb6 15.Be2 c5
16.O-O c4 17.b3 cxb3 18.Rb1 Bb7 19.Rxb3 Qa7 20.Qb1 Bc6 21.Ra3 a5 22.Rb3 Ne4
23.Nxe4 dxe4 24.Nd2 Bd5 25.Bc4 a4 26.Rb4 Nf6 27.Be5 e6 28.Bxf6 Bxf6 29.Nxe4 Bxe4
30.Qxe4 Rab8 31.Bb5 Qb7 32.Qd3 Be7 33.Rbb1 a3 34.Bc4 Qa7 35.Bb3 Rfc8 36.Rfc1 Rc7
37.g3 Rbc8 38.Rxc7 Qxc7 39.h4 Qc3 40.Qe2 h5 41.Kg2 Kg7 42.Qf3 Rc7 43.Rd1 Bf6
44.Qe2 Qb4 45.Qd3 Qc3 46.Qf1 Qc6+ 47.Kg1 Qc3 48.Qa6 Qb4 49.Rb1 Be7 50.Qf1 Qc3
51.d5 exd5 52.Bxd5 Qc5 53.Bb3 Bf6 54.Qd3 Qe7 55.Rd1 Rc3 56.Qd5 Rc7 57.Kg2 Rc5
58.Qf3 Rc7 59.Bd5 Bb2 60.Rd3 Qf6 61.Qxf6+ Kxf6 62.e4 Rc3 63.Rxc3 Bxc3 64.f4  1/2-1/2

[Event "TCh-AUT 2 Mitte 2011-12"]
[Site "Maria Saal AUT"]
[Date "2011.12.04"]
[Round "6"]
[White "Reichmann,E"]
[Black "Petschar,K"]
[Result "1-0"]
[WhiteElo "2279"]
[BlackElo "2312"]

1.d4 d5 2.Nf3 Nf6 3.c4 c6 4.Nc3 a6 5.a4 e6 6.Bg5 Nbd7 7.e3 Qa5 8.Nd2 Bb4
9.Qc2 dxc4 10.Bxf6 Nxf6 11.Bxc4 O-O 12.O-O e5 13.Nb3 Qc7 14.h3 exd4 15.Nxd4 Qe5
16.Rae1 Nd5 17.Bxd5 cxd5 18.Rd1 Be6 19.Qb3 Bd6 20.Nf3 Qh5 21.Nxd5 Bxh3 22.Nf6+ gxf6
23.Rxd6 Bxg2 24.Kxg2 Qg4+ 25.Kh2 Qxf3 26.Qd1 Qxd1 27.Rfxd1 Rfc8 28.Rxf6 Rd8
29.Rg1+ Kf8 30.Rg4 b5 31.Kg3 bxa4 32.Rh6 Rab8 33.Rxh7 Ke7 34.Re4+ Kd6 35.Rxa4 Rg8+
36.Kf3 Rxb2 37.Rxa6+  1-0

[Event "18th Zadar Open A"]
[Site "Zadar CRO"]
[Date "2011.12.14"]
[Round "5.18"]
[White "Bukal,V jr"]
[Black "Paljusaj,E"]
[Result "1-0"]
[WhiteElo "2423"]
[BlackElo "2352"]

1.d4 d5 2.c4 c6 3.Nf3 Nf6 4.Nc3 a6 5.a4 g6 6.Bf4 Bg7 7.e3 O-O 8.Qb3 Qa5 9.Qa3 Qd8
10.Be2 dxc4 11.Bxc4 Nbd7 12.a5 Nh5 13.Bg5 Nhf6 14.O-O h6 15.Bh4 g5 16.Bg3 Nh5
17.Rfd1 Nxg3 18.hxg3 g4 19.Ne1 e6 20.Nd3 h5 21.Ne4 h4 22.gxh4 Qxh4 23.g3 Qh7
24.Nd6 e5 25.dxe5 Bxe5 26.Nf4 Nf6 27.Nxf7 Rxf7 28.Rd8+ Kg7 29.Bxf7 Nd7 30.Bg6  1-0

[Event "XXIII Carlos Torre Magistral"]
[Site "Merida MEX"]
[Date "2011.12.20"]
[Round "9.4"]
[White "Almeida Quintana,O"]
[Black "Martinez Duany,L"]
[Result "1-0"]
[WhiteElo "2538"]
[BlackElo "2469"]

1.d4 d5 2.Nf3 Nf6 3.c4 c6 4.Nc3 a6 5.a4 e6 6.Bg5 Be7 7.e3 O-O 8.Be2 Nbd7
9.O-O a5 10.h3 b6 11.Qb3 Ba6 12.Rac1 Qb8 13.Rfd1 Rc8 14.Bd3 Bd6 15.e4 dxe4
16.Nxe4 Nxe4 17.Bxe4 Bf4 18.Bxf4 Qxf4 19.Re1 Rab8 20.Ne5 Nxe5 21.dxe5 Rd8
22.g3 Qh6 23.Rcd1 Rf8 24.h4 c5 25.Rd6 Qh5 26.Bg2 h6 27.Re4 Bb7 28.Rxb6 Bxe4
29.Rxb8 Qxe5 30.Rxf8+ Kxf8 31.Bxe4 Qxe4 32.Qb8+ Ke7 33.Qc7+ Kf6 34.Qxc5 Qb1+
35.Kg2 Qxb2 36.Qxa5 Qb7+ 37.Kh2 Qf3 38.Qc5 g5 39.hxg5+ hxg5 40.a5 Qd3 41.Qc6 Qd2
42.Qb6 Qa2 43.a6 Qxc4 44.Qd8+  1-0

[Event "XXII Cajacanarias Christmas"]
[Site "Santa Cruz de Tenerife ESP"]
[Date "2011.12.21"]
[Round "4"]
[White "Perez Barreto,A"]
[Black "Pinto Henriquez,R"]
[Result "1-0"]
[WhiteElo "1940"]
[BlackElo "2172"]

1.d4 d5 2.c4 c6 3.Nf3 Nf6 4.Nc3 a6 5.c5 g6 6.Bf4 Bg7 7.e3 O-O 8.Bd3 Nh5 9.Be5 f6
10.Bxb8 Rxb8 11.Nh4 f5 12.Nxf5 Bxf5 13.Bxf5 Rxf5 14.g4 Rf7 15.gxh5 e5 16.hxg6 hxg6
17.dxe5 Qh4 18.Qc2 Rbf8 19.O-O-O Rxf2 20.Qxg6 Qb4 21.Qb1 Bh6 22.Qg6+ Bg7
23.Qb1 Qxc5 24.Qd3 R8f3 25.Qd4 Qe7 26.Rdg1 Kf8 27.Qg4 Rf5 28.Kb1 Qxe5 29.Qb4+ Kg8
30.Qxb7 Qf6 31.Rg3 Rh5 32.Nd1 Rf3 33.Rhg1 Rxg3 34.Rxg3 Kh7 35.Qc7 Rh6 36.a4 d4
37.e4 Qe5 38.Qxe5 Bxe5 39.Rg5 Bf4 40.Rf5 Bxh2 41.Nf2 Bg1 42.Ng4 Re6 43.Rh5+ Kg7
44.Rg5+ Rg6 45.Rxg6+ Kxg6 46.Ne5+ Kf6 47.Nxc6 Ke6 48.Kc2 Kd6 49.Nb4 a5 50.Nd3 Be3
51.Kb3 Kc6 52.Kc4 Bg1 53.Ne5+ Kd6 54.Nf3 Be3 55.Nxd4 Ke5 56.Nc6+ Kxe4 57.Nxa5 Ke5
58.Nb7 Ke6 59.Kb5 Kd7 60.Ka6 Kc6 61.b4 Bf2 62.b5+ Kc7 63.Na5 Kb8 64.b6 Bg1
65.b7 Bh2 66.Nc6+  1-0

[Event "FIDE Women's World Teams"]
[Site "Mardin TUR"]
[Date "2011.12.26"]
[Round "8"]
[White "Danielian,E"]
[Black "Pham Le Thao Nguyen"]
[Result "1-0"]
[WhiteElo "2497"]
[BlackElo "2341"]

1.d4 d5 2.c4 c6 3.Nf3 Nf6 4.Nc3 a6 5.a4 e6 6.g3 Bb4 7.Qb3 a5 8.Bg2 O-O 9.O-O Nbd7
10.Rd1 b6 11.cxd5 exd5 12.Bf4 Bb7 13.Rac1 Re8 14.Ne5 Nxe5 15.Bxe5 Nd7 16.Bf4 Nf8
17.e4 dxe4 18.Nxe4 Ne6 19.Be3 Qe7 20.Nd2 b5 21.Ne4 bxa4 22.Qxa4 Rac8 23.Nd2 Red8
24.Ne4 Re8 25.Nd2 Red8 26.Nb3 Ba6 27.Rxc6 Rxc6 28.Qxc6 Be2 29.Ra1 h6 30.h4 Rb8
31.d5 Bb5 32.Qc2 a4 33.dxe6 axb3 34.Qxb3 Be8 35.Ra7 Qxe6 36.Qxe6 fxe6 37.Bf4 Rd8
38.Be5 Bf7 39.Be4 Kf8 40.Rb7 Bc5 41.b4 Bd4 42.Bc7 Ra8 43.Kg2 g5 44.Bd6+ Kg8
45.Rxf7  1-0

[Event "Zuerich Weihnachtsopen Masters"]
[Site "Zuerich SUI"]
[Date "2011.12.29"]
[Round "5"]
[White "Rindlisbacher,J"]
[Black "Berger,Stef"]
[Result "1-0"]
[WhiteElo "2198"]
[BlackElo "2011"]

1.d4 d5 2.c4 c6 3.Nc3 Nf6 4.Nf3 a6 5.c5 g6 6.Bf4 Bg7 7.h3 O-O 8.e3 Nbd7 9.Be2 e5
10.dxe5 Nxc5 11.O-O Ne6 12.Bg3 Nd7 13.e4 d4 14.Nxd4 Nxe5 15.Nb3 Qg5 16.Qc1 Qxc1
17.Raxc1 b5 18.Rfd1 g5 19.Na5 c5 20.Nd5 c4 21.b3 cxb3 22.axb3 Ng6 23.Bd6 Rd8
24.Nb6 Nd4 25.Bf1 Rxd6 26.Nxa8 Be6 27.Nc7 Nf4 28.Nxe6 Rxe6 29.Rc8+ Bf8 30.Rxd4  1-0

[Event "XLI Rilton Cup 2011-12"]
[Site "Stockholm SWE"]
[Date "2011.12.30"]
[Round "4"]
[White "Eriksson,Jor"]
[Black "Volkov,Sergey1"]
[Result "0-1"]
[WhiteElo "2240"]
[BlackElo "2626"]

1.d4 Nf6 2.Nf3 d5 3.c4 c6 4.Nc3 a6 5.c5 Nbd7 6.Bf4 Nh5 7.Bd2 Nhf6 8.Bf4 g6
9.h3 Bg7 10.e3 O-O 11.Qc2 Ne8 12.Be2 Nc7 13.O-O e5 14.Nxe5 Nxe5 15.Bxe5 Bxe5
16.dxe5 Qe7 17.b4 Qxe5 18.Bd3 Bd7 19.a3 a5 20.Rab1 axb4 21.axb4 Ra3 22.Ne2 Rfa8
23.Nd4 Ne6 24.Nf3 Qf6 25.Qd2 Ra2 26.Bc2 Ng5 27.Nxg5 Qxg5 28.f4 Qf6 29.Rf2 Bf5
30.Qc1 d4 31.Bxf5 Rxf2 32.Kxf2 Ra2+ 33.Kg1 Qxf5 34.exd4 Qe4 35.Qf1 Qxd4+
36.Kh1 Rf2 37.Qe1 Qxf4 38.b5 cxb5 39.Qe8+ Kg7 40.Qxb5 Qe4 41.Rg1 h5 42.Qb1 Qd5
43.Qa1+ Kg8 44.Qc3 Rd2 45.Kh2 Rd3 46.Qc2 Qe5+ 47.g3 Rxg3 48.Rxg3 h4 49.Qc3 Qxg3+
50.Qxg3 hxg3+ 51.Kxg3 f6 52.Kf4 Kf7 53.Ke4 Ke6 54.Kd4 g5 55.Ke4 f5+ 56.Kd4 g4  0-1

[Event "XLI Rilton Cup 2011-12"]
[Site "Stockholm SWE"]
[Date "2012.01.03"]
[Round "7"]
[White "Brynell,S"]
[Black "Volkov,Sergey1"]
[Result "1/2-1/2"]
[WhiteElo "2486"]
[BlackElo "2626"]

1.d4 d5 2.c4 c6 3.Nf3 Nf6 4.Nc3 a6 5.a4 e6 6.Bg5 a5 7.e3 Na6 8.Be2 Be7 9.O-O O-O
10.Qb3 Re8 11.Rac1 Nb4 12.Na2 Na6 13.Ne5 Nd7 14.Bxe7 Rxe7 15.f4 f6 16.Nf3 Nf8
17.Nc3 Nb4 18.e4 Kh8 19.e5 Bd7 20.Na2 dxc4 21.Bxc4 b5 22.Be2 Nd5 23.g3 b4
24.Rc2 Be8 25.Nc1 Qb6 26.Bc4 Bg6 27.Re2 Rd8 28.Bxd5 Rxd5 29.Qe3 Nd7 30.Nb3 c5
31.Nxc5 Nxc5 32.dxc5 Qxc5 33.Rc1 Qxe3+ 34.Rxe3 Kg8 35.g4 Kf7 36.Kf2 Bd3 37.exf6 gxf6
38.g5 Ba6 39.gxf6 Kxf6 40.Re5 Bb7 41.Rc5 Rd3 42.Re3 Rd5 43.Re5 Rd3  1/2-1/2